Marvel Heroes by Real Name #4 - Statistics

General Stats
  • This quiz has been taken 21 times
  • The average score is 9 of 25
Answer Stats
Name Answer % Correct
Henry "Hank" Pym Ant-Man/Giant-Man/Yellow Jacket/Goliath/Wasp
94%
Miles Morales Spider-Man
94%
"Donald Blake" Thor
82%
Jubilation Lee Jubilee
76%
Riri Williams Ironheart
71%
Amadeus Cho Brawn
65%
Medusalith Amaquelin Medusa
65%
Phastos Ceasefire
59%
Brunnhilde Valkyrie
59%
Julia Carpenter Madame Web
41%
Angelica Jones Firestar
29%
Elena "Yo-Yo" Rodriguez Slingshot
29%
Arcturus Rann Arcturus Rann
24%
various, including Ray Coffin and Tamara Devoux Captain Universe
18%
Leonard Skivorski Doc Samson
18%
"Ike Harris" Ikaris
18%
Shola Inkose Shola Inkose
18%
Alex Power Zero-G
18%
unknown, pink, winged humanoid Dinah Soar
12%
Aaron Stack/X-51 Machine Man
12%
Robert Grayson Uranian
12%
Yuriko "Yuri" Watanabe Wraith
12%
Henry Hellrung Anthem
6%
Griffin Gogol Captain Ultra
6%
Jack Castle Fiery Mask
6%
No matching quizzes found
Score Distribution
Percent of People with Each Score
Percentile by Number Answered
Your Score History
You have not taken this quiz